000 00489nam a2200181Ia 4500
008 090123s9999 xx 000 0 und d
082 _b2032
_a891.463/फडके
100 _aफडके ना. सी.
245 _aदौलत
250 _a8
260 _bसुलभ मुद्रणालय
300 _a356
600 _aफडके ना. सी.
630 _aदौलत
700 _aफडके ना. सी.
730 _aदौलत
942 _cBOOK
999 _c40113
_d40113